Basic Electric Circuits (Record no. 4302)

MARC details
005 - DATE AND TIME OF LATEST TRANSACTION
control field 20250618130843.0
020 ## - INTERNATIONAL STANDARD BOOK NUMBER
International Standard Book Number 471-52001-2
082 ## - DEWEY DECIMAL CLASSIFICATION NUMBER
Classification number 621.3192 LEA
100 ## - MAIN ENTRY--PERSONAL NAME
Author name LEACH, D. P.
245 ## - TITLE STATEMENT
Title Basic Electric Circuits
260 ## - PUBLICATION, DISTRIBUTION, ETC.
Place of publication, distribution, etc. New York,
Name of publisher, distributor, etc. John Wiley & Sons., Inc.,
Date of publication, distribution, etc. 1969.
300 ## - PHYSICAL DESCRIPTION
Extent xiii, 665p.: ill.; figure, table.
Other physical details Index,
Dimensions 23cm.
942 ## - ADDED ENTRY ELEMENTS (KOHA)
Source of classification or shelving scheme Dewey Decimal Classification
Koha item type Books
Holdings
Date last seen Total checkouts Full call number Barcode Cost, replacement price Price effective from Koha item type Lost status Source of classification or shelving scheme Damaged status Not for loan Withdrawn status Home library Current library Shelving location Date acquired Cost, normal purchase price
06/18/2025   621.3192 LEA 00000010947 30000.00 06/18/2025 Books   Dewey Decimal Classification       College of Business Education Main Library College of Business Education Main Library General Collection 01/28/1997 10000.00